000
00264nam a2200097Ia 4500
008
230508s2004 xx 000 0 und d
041
_a
eng
100
_a
AHO SETHI & ULLMAN
245
_a
COMPILERS PRINCIPLES TECHNIQUES & TOOLS
260
_b
PEASON EDU. PVT. LTD
_c
2004
999
_c
317257
_d
317257